| 000 | 00976nam a2200265 i 4500 | ||
|---|---|---|---|
| 001 | 93488 | ||
| 003 | ES-MaACL | ||
| 005 | 20250624062907.0 | ||
| 007 | t| | ||
| 008 | 050530s1964 sp a |||| | spa d | ||
| 080 | _a75 Clavé, Antonio (083.82) | ||
| 100 | 1 |
_aClavé, Antoni. _939110 |
|
| 245 | 1 | 0 |
_aClavé _b: [exposición, Sala de la Cacharrería del Ateneo de Madrid, marzo y abril de 1964]. |
| 260 |
_a[Madrid] : _bPublicaciones Españolas, _c[1964] |
||
| 300 |
_a[12] p. : _bprincipalmente il. ; _c28 cm. |
||
| 490 | 1 |
_aCuadernos de arte. _aColección ordinaria ; _v154 |
|
| 600 | 1 | 4 |
_aClavé, Antoni- _vExposiciones. _939111 |
| 610 | 2 | 7 |
_aAteneo de Madrid- _vExposiciones- _y1960-1969. _91920 |
| 655 | 7 |
_2tgfbne _9193628 _aCatálogos de exposiciones |
|
| 710 | 2 |
_aAteneo de Madrid. _bSala de la Cacharrería. _91963 |
|
| 830 | 0 |
_aCuadernos de arte. Colección ordinaria _v154 _9180064 |
|
| 852 |
_aES-MaACL _j2194-F-25 |
||
| 942 | _2udc | ||
| 999 |
_c93488 _d93488 |
||